000 00878nam0a22002891 4500
001 rc\2171189
005 20110829161803.1
035 _a(NLR Aleph) 006604974
090 _a7288046
_c7288046
100 _a20110829d1978 |||y0rusy50 ca
101 0 _arus
102 _aRU
105 _ay z |||||
200 1 _aОтчет о командировке в Финляндию
210 _aМосква
_cВИНИТИ
_d1978
215 _a28 с.
_d22
300 _aНа 3-й с. авт.: к. б. н. Я.А. Виксне
300 _aВ надзаг.: АН СССР, ВИНИТИ
333 _aДСП. Экз. № 7
700 1 _aВиксне
_bЯ. А.
_f1936-
_gЯнис Арвидович
801 0 _aRU
_bNLR
_gpsbo
801 1 _aRU
_bELAR
_2rusmarc
852 _aNLR
_j78-50К/4697
899 _aRuMoRGB
_jДСП
899 _aRuMoRGB
_j23 78/1612
942 _cBOOK
980 _aNB